000 00293nam a22001097a 4500
082 _a294/CHA
100 _aChandra, Lokesh
_921769
245 _aRamayana in combodia
260 _aNew Delhi
_bInternational Academy Of Indian Culture and Aditya Prakashan
_c2020
650 _aReligion
942 _cBK
999 _c69039
_d69039